| 000 | 00705nam a22001337a 4500 | ||
|---|---|---|---|
| 040 | _cRUA | ||
| 082 | _aVEM SOP 2021 B676 Or. | ||
| 100 | _aSOPHEAK SOPHORTRA. សុភក្តិ សុភ័ត្រ្តា | ||
| 245 | _aCASE OF SALMONELLA SPP. IN CHICKEN MEAT IN MOUNG RUSSEI MARKET, MOUNG RUSSEI DISTRICT, BATTAMBANG PROVINCE. ករណី SALMONELLA SPP. ក្នុងសាច់មាននៅផ្សារមោងឬស្សី ស្រុកមោឬស្សី ខេត្តបាត់ដំបង | ||
| 260 |
_aPhnom Penh _bRUA _c2021 |
||
| 300 |
_aX.46P _bVIII. _c29CM |
||
| 856 | _uhttps://drive.google.com/file/d/1PtYQjzyXVfF984nfPZbQLiNAKcVMLoRU/view?usp=sharing | ||
| 942 | _cVEM | ||
| 999 |
_c21807 _d21807 |
||